000 00250nam a2200085Ia 4500
008 170620s9999 xx 000 0 und d
100 _aMishra- Brundaban Chandra
245 0 _aPersonality Patterns and Academic Achievement
260 _bNew Delhi- Sonali Publication
260 _c2004
999 _c24496
_d24496